[Event "DEM U18w 2023"]
[Site "Willingen GER"]
[Date "2023.05.28"]
[Round "1"]
[White "Petersen, Sophie"]
[Black "Doll, Rebecca"]
[Result "0-1"]
[Termination "normal"]
[Board "1"]
[WhiteElo "1763"]
[BlackElo "1918"]
[WhiteClock "00:49:10"]
[BlackClock "00:54:05"]
[PlyCount "90"]
[WhiteFideId "16229380"]
[BlackFideId "16236890"]
[EventCountry "GER"]
[EventRounds "9"]
[EventType "swiss"]
[EventDate "2023.05.27"]

1. e4 1... e5 {[%emt 0:00:05]} 2. Nf3 {[%emt 0:00:05]} 2... Nc6 {[%emt
0:00:10]} 3. d4 {[%emt 0:00:15]} 3... exd4 {[%emt 0:00: 05]} 4. Nxd4 {[%emt
0:00:05]} 4... Nf6 {[%emt 0:00:05]} 5. Nxc6 {[%emt 0:00:26]} 5... bxc6 {[%emt
0:00:05]} 6. e5 {[%emt 0:00:06]} 6... Qe7 {[%emt 0:00:04]} 7. Qe2 {[%emt
0:02:42]} 7... Nd5 8. c4 8... Nb6 {[%emt 0:02:34]} 9. Nc3 {[%emt 0:00:48]} 9...
Qe6 {[%emt 0:02:32]} 10. Qe4 {[%emt 0:03:54]} 10... g6 {[%emt 0:07:04]} 11. Bd3
{[%emt 0: 00:55]} 11... Bg7 {[%emt 0:02:29]} 12. f4 {[%emt 0:04:20]} 12... O-O
13. O-O {[%emt 0:03: 46]} 13... f5 {[%emt 0:05:59]} 14. exf6 {[%emt 0:10:08]}
14... Qxf6 {[%emt 0:00:07]} 15. f5 {[%emt 0:16:11]} 15... Qd4+ {[%emt 0:35:04]}
16. Kh1 Ba6 17. Qxd4 Bxd4 18. Bh6 {[%emt 0:03:20]} 18... Bg7 19. Bxg7 Kxg7 20.
b3 d5 21. Rae1 Rae8 22. f6+ Kf7 23. Be2 Bb7 24. cxd5 cxd5 25. Nb5 Ba6 26. Nd6+
cxd6 27. Bxa6 Rxe1 28. Rxe1 Kxf6 29. Kg1 Rf7 30. a4 Rc7 31. a5 Nd7 32. b4 Rc2
33. Rb1 d4 34. Bd3 Rd2 35. Be4 Ra2 36. Bd5 Ra3 37. Rd1 d3 38. Kf1 Ke5 39. Bc6
Nb8 40. Bb5 Kd4 41. Ke1 a6 42. Be8 Rb3 43. Ra1 Rxb4 44. Ra4 Kc3 45. Ra3+ Kb2
0-1

[Event "DEM U18w 2023"]
[Site "Willingen GER"]
[Date "2023.05.28"]
[Round "1"]
[White "Heutling, Elina"]
[Black "Henninger, Claire"]
[Result "1-0"]
[Termination "normal"]
[Board "2"]
[WhiteElo "1878"]
[BlackElo "1610"]
[WhiteClock "01:06:06"]
[BlackClock "01:31:31"]
[PlyCount "118"]
[WhiteFideId "16244729"]
[BlackFideId "16200659"]
[EventCountry "GER"]
[EventRounds "9"]
[EventType "swiss"]
[EventDate "2023.05.27"]

1. e4 1... c6 {[%emt 0:00:06]} 2. Nf3 {[%emt 0:00:05]} 2... d5 {[%emt 0:00:07]}
3. Nc3 {[%emt 0:00:14]} 3... dxe4 {[%emt 0:00:17]} 4. Nxe4 {[%emt 0:00:07]}
4... Nf6 {[%emt 0:00: 12]} 5. Qe2 {[%emt 0:08:58]} 5... e6 {[%emt 0:03:55]} 6.
Nxf6+ {[%emt 0:07:03]} 6... Qxf6 {[%emt 0:00:01]} 7. d4 {[%emt 0:00:37]} 7...
h6 {[%emt 0:01:32]} 8. Qe4 {[%emt 0:05: 35]} 8... Bd6 {[%emt 0:04:59]} 9. Bd3
{[%emt 0:03:13]} 9... Nd7 {[%emt 0:06:37]} 10. O-O {[%emt 0:07:23]} 10... Qe7
{[%emt 0:07:05]} 11. Ne5 {[%emt 0:10:01]} 11... Nf6 {[%emt 0:32: 01]} 12. Qf3
12... Qc7 {[%emt 0:03:07]} 13. Re1 Bd7 14. h3 c5 15. Nxd7 Qxd7 16. dxc5 Bxc5
17. Bf4 Qc6 18. Qxc6+ bxc6 19. Ba6 Rd8 20. Bb7 Nd5 21. Bxc6+ Ke7 22. Bxd5 Rxd5
23. Rad1 Rhd8 24. Rxd5 Rxd5 25. Kf1 a6 26. Re5 g5 27. Rxd5 exd5 28. Be3 d4 29.
Bd2 Ke6 30. Ke2 Kd5 31. Kd3 f5 32. h4 f4 33. hxg5 hxg5 34. Ba5 g4 35. f3 gxf3
36. gxf3 Bd6 37. Bb6 Be5 38. Bd8 Bd6 39. a3 Be5 40. Bb6 Bf6 41. Bc7 Bg5 42. b3
Bh6 43. Bd8 Bg7 44. b4 Be5 45. Bg5 Bc7 46. Bf6 Bb6 47. a4 a5 48. bxa5 Bc5 49.
Bd8 Bd6 50. Bb6 Kc6 51. Bxd4 Kb7 52. Bb6 Ka6 53. Ke4 Bb8 54. Kd5 Kb7 55. c4 Ka6
56. c5 Kb7 57. c6+ Kc8 58. c7 Bxc7 59. Bxc7 Kxc7 1-0

[Event "DEM U18w 2023"]
[Site "Willingen GER"]
[Date "2023.05.28"]
[Round "1"]
[White "Glowiak, Alexandra"]
[Black "Gröschel, Karoline"]
[Result "0-1"]
[Termination "normal"]
[Board "3"]
[WhiteElo "1660"]
[BlackElo "1892"]
[WhiteClock "01:26:19"]
[BlackClock "00:43:50"]
[PlyCount "112"]
[WhiteFideId "16259530"]
[BlackFideId "34610537"]
[EventCountry "GER"]
[EventRounds "9"]
[EventType "swiss"]
[EventDate "2023.05.27"]

1. e4 {[%emt 0:00:03]} 1... c5 {[%emt 0:00:04]} 2. Nf3 {[%emt 0:00:05]} 2... e6
{[%emt 0: 00:04]} 3. d4 {[%emt 0:00:06]} 3... cxd4 {[%emt 0:00:03]} 4. Nxd4
{[%emt 0:00:07]} 4... a6 {[%emt 0:00:03]} 5. Bd3 {[%emt 0:00:09]} 5... Bc5
{[%emt 0:00:06]} 6. Nb3 {[%emt 0:00:13]} 6... Ba7 {[%emt 0:03:11]} 7. c4 {[%emt
0:02:34]} 7... Nc6 8. Nc3 {[%emt 0:01:51]} 8... Nge7 {[%emt 0:01:28]} 9. O-O
9... O-O {[%emt 0:01:38]} 10. Kh1 {[%emt 0:19:13]} 10... f5 {[%emt 0:06:02]}
11. f4 {[%emt 0:26:03]} 11... Qc7 {[%emt 0:37:12]} 12. Bd2 Nb4 13. Be2 {[%emt
0:00:04]} 13... Nbc6 {[%emt 0:02:45]} 14. Rc1 Qd8 15. Bf3 Rf6 16. Ne2 fxe4 17.
Bxe4 Nf5 18. Bxf5 Rxf5 19. Ng3 Rf6 20. f5 exf5 21. Bg5 d5 22. Bxf6 Qxf6 23.
cxd5 Ne5 24. h3 Ng4 25. Qf3 Ne3 26. Rfe1 Ng4 27. Re2 Bd7 28. Nxf5 Nf2+ 29. Rxf2
Bxf2 30. Qxf2 Bxf5 31. Rf1 Rf8 32. Qe3 Qxb2 33. Rf2 Qb1+ 34. Kh2 Qe4 35. Qxe4
Bxe4 36. Rd2 Rd8 37. d6 Bc6 38. Na5 Kf7 39. Rb2 Bd5 40. a3 b5 41. Kg3 Rxd6 42.
Kf4 Re6 43. Rd2 Re4+ 44. Kf5 g6+ 45. Kg5 Kg7 46. g4 h6+ 47. Kh4 g5+ 48. Kg3
Re3+ 49. Kh2 Rxa3 50. Rxd5 Rxa5 51. Rd7+ Kf6 52. Rd6+ Ke5 53. Rxh6 b4 54. Rg6
Kd4 55. Rb6 Kc3 56. h4 gxh4 0-1

[Event "DEM U18w 2023"]
[Site "Willingen GER"]
[Date "2023.05.28"]
[Round "1"]
[White "Peglau, Mirjam"]
[Black "Zöllner, Bente"]
[Result "1-0"]
[Termination "normal"]
[Board "4"]
[WhiteElo "1932"]
[BlackElo "1700"]
[WhiteClock "01:04:48"]
[BlackClock "00:48:11"]
[PlyCount "141"]
[WhiteFideId "16211138"]
[BlackFideId "16230523"]
[EventCountry "GER"]
[EventRounds "9"]
[EventType "swiss"]
[EventDate "2023.05.27"]

1. b3 {[%emt 0:00:02]} 1... c5 {[%emt 0:00:31]} 2. Bb2 {[%emt 0:00:06]} 2...
Nc6 {[%emt 0:00:38]} 3. c4 {[%emt 0:00:34]} 3... Nf6 {[%emt 0:02:23]} 4. Nf3
4... g6 {[%emt 0: 02:34]} 5. Nc3 {[%emt 0:03:19]} 5... Bg7 {[%emt 0:10:58]} 6.
Ne4 {[%emt 0:00:35]} 6... d6 {[%emt 0:03:19]} 7. g3 {[%emt 0:06:31]} 7... O-O
{[%emt 0:01:01]} 8. Nxf6+ {[%emt 0: 00:42]} 8... exf6 {[%emt 0:02:41]} 9. Bg2
{[%emt 0:00:35]} 9... Rb8 {[%emt 0:03:54]} 10. O-O {[%emt 0:00:37]} 10... Be6
{[%emt 0:03:47]} 11. Qc1 {[%emt 0:05:53]} 11... Ne5 {[%emt 0:11:29]} 12. d4
12... Nxf3+ {[%emt 0:03:47]} 13. Bxf3 {[%emt 0:34:16]} 13... b5 14. cxb5 Rxb5
15. dxc5 dxc5 16. e3 {[%emt 0:03:15]} 16... Bh3 {[%emt 0:00:38]} 17. Rd1 Qc7
18. Qd2 Rc8 19. Rac1 f5 20. Bxg7 Kxg7 21. Qc3+ Kg8 22. Qf6 Bg4 23. Bxg4 fxg4
24. Qg5 h5 25. Rd5 Qa5 26. Rc2 a6 27. Qf6 c4 28. Rd6 Rd5 29. Rxd5 Qxd5 30. Qa1
Rc6 31. Qc1 Qa5 32. Rxc4 Rxc4 33. bxc4 Qxa2 34. c5 Qa5 35. c6 Qc7 36. Qc4 Kf8
37. Qxa6 Ke7 38. Qa3+ Qd6 39. Qa7+ Ke6 40. Qa2+ Ke7 41. Qa4 Qd3 42. Qd4 Qf5 43.
e4 Qc8 44. Qc5+ Ke6 45. Qd5+ Ke7 46. e5 Qd8 47. Qb3 Qc7 48. Qc3 Ke6 49. Qc4+
Ke7 50. Qd5 Qd8 51. Qb3 Qc7 52. Qb5 Kd8 53. Qc5 Ke8 54. Qd6 Qd8 55. c7 Qd7 56.
Kg2 g5 57. Qc5 Qc8 58. Qc6+ Ke7 59. Kf1 h4 60. Ke2 h3 61. Ke3 Kf8 62. Ke4 Ke7
63. Ke3 Kf8 64. Kd4 Ke7 65. Kc5 Kf8 66. Qd6+ Ke8 67. Qc6+ Kf8 68. Kd5 Ke7 69.
Ke4 Kf8 70. Qd6+ Ke8 71. Qd8+ 1-0

[Event "DEM U18w 2023"]
[Site "Willingen GER"]
[Date "2023.05.28"]
[Round "1"]
[White "Derling, Charlotte"]
[Black "Reuter, Elisa"]
[Result "1/2-1/2"]
[Termination "normal"]
[Board "5"]
[BlackTitle "WCM"]
[WhiteElo "1664"]
[BlackElo "1944"]
[WhiteClock "00:04:14"]
[BlackClock "00:02:47"]
[PlyCount "73"]
[WhiteFideId "16222237"]
[BlackFideId "12995444"]
[EventCountry "GER"]
[EventRounds "9"]
[EventType "swiss"]
[EventDate "2023.05.27"]

1. e4 {[%emt 0:00:02]} 1... c5 {[%emt 0:00:04]} 2. Nf3 {[%emt 0:00:08]} 2...
Nc6 {[%emt 0:00:04]} 3. d4 {[%emt 0:00:11]} 3... cxd4 {[%emt 0:00:04]} 4. Nxd4
{[%emt 0:00:06]} 4... g6 {[%emt 0:00:04]} 5. c4 {[%emt 0:00:25]} 5... Bg7
{[%emt 0:00:04]} 6. Be3 {[%emt 0:00: 36]} 6... Nf6 {[%emt 0:02:22]} 7. Nc3 d6
8. Be2 O-O 9. O-O 9... Bd7 {[%emt 0:02:36]} 10. Nc2 10... a5 {[%emt 0:00:59]}
11. Qd2 {[%emt 0:13:18]} 11... a4 {[%emt 0:20:12]} 12. f3 12... Qa5 {[%emt
0:12:20]} 13. Rab1 {[%emt 0:09:18]} 13... Rfc8 {[%emt 0:11:22]} 14. b3 {[%emt
0:25:20]} 14... axb3 {[%emt 0:06:00]} 15. axb3 {[%emt 0:00:32]} 15... Be6
{[%emt 0: 09:55]} 16. Ra1 {[%emt 0:08:02]} 16... Qd8 {[%emt 0:00:34]} 17. Nd4
{[%emt 0:00:54]} 17... Nxd4 {[%emt 0:04:43]} 18. Bxd4 {[%emt 0:00:14]} 18...
Nd7 {[%emt 0:01:06]} 19. Bxg7 {[%emt 0:04:17]} 19... Kxg7 {[%emt 0:00:06]} 20.
Na4 {[%emt 0:05:18]} 20... Nc5 {[%emt 0:04: 12]} 21. Nxc5 {[%emt 0:03:58]}
21... dxc5 {[%emt 0:00:09]} 22. Qxd8 {[%emt 0:05:11]} 22... Rxd8 {[%emt
0:00:03]} 23. Rxa8 {[%emt 0:02:04]} 23... Rxa8 {[%emt 0:00:06]} 24. Rb1 {[%emt
0:00:44]} 24... b6 {[%emt 0:02:52]} 25. Rb2 {[%emt 0:01:01]} 25... Rd8 {[%emt
0:03: 26]} 26. Kf2 {[%emt 0:01:26]} 26... g5 {[%emt 0:09:14]} 27. g3 {[%emt
0:03:34]} 27... f5 {[%emt 0:10:13]} 28. exf5 {[%emt 0:02:02]} 28... Bxf5 {[%emt
0:00:04]} 29. Ke3 {[%emt 0:00:48]} 29... Rd6 {[%emt 0:01:10]} 30. Rd2 {[%emt
0:01:44]} 30... Rxd2 {[%emt 0:00: 22]} 31. Kxd2 {[%emt 0:00:08]} 31... Kf6
{[%emt 0:00:11]} 32. Bd3 {[%emt 0:03:00]} 32... h5 {[%emt 0:01:30]} 33. Bxf5
{[%emt 0:01:27]} 33... Kxf5 {[%emt 0:00:05]} 34. Ke3 {[%emt 0:00:32]} 34... g4
{[%emt 0:06:07]} 35. f4 {[%emt 0:00:30]} 35... e5 {[%emt 0:00:15]} 36. fxe5
{[%emt 0:00:30]} 36... Kxe5 {[%emt 0:00:41]} 37. Kd3 1/2-1/2

[Event "DEM U18w 2023"]
[Site "Willingen GER"]
[Date "2023.05.28"]
[Round "1"]
[White "Buchholz, Maja"]
[Black "Dohon, Maria-Johanna"]
[Result "1-0"]
[Termination "normal"]
[Board "6"]
[WhiteElo "1899"]
[BlackElo "1507"]
[WhiteClock "00:01:05"]
[BlackClock "00:00:38"]
[PlyCount "101"]
[WhiteFideId "16200500"]
[BlackFideId "34600957"]
[EventCountry "GER"]
[EventRounds "9"]
[EventType "swiss"]
[EventDate "2023.05.27"]

1. c4 {[%emt 0:00:04]} 1... Nf6 {[%emt 0:00:14]} 2. g3 {[%emt 0:00:10]} 2... g6
{[%emt 0:00:12]} 3. Bg2 {[%emt 0:00:10]} 3... Bg7 {[%emt 0:00:11]} 4. Nc3
{[%emt 0:00:16]} 4... O-O {[%emt 0:02:55]} 5. d4 d6 6. Nf3 6... c5 {[%emt
0:02:36]} 7. O-O Nc6 8. e3 8... cxd4 {[%emt 0:14:17]} 9. Nxd4 Bd7 10. b3 10...
a6 {[%emt 0:02:43]} 11. Bb2 {[%emt 0:01:42]} 11... Rc8 {[%emt 0:15:47]} 12. h3
12... Qc7 {[%emt 0:06:42]} 13. Rc1 {[%emt 0:05:39]} 13... Qb8 {[%emt 0:06:48]}
14. Re1 {[%emt 0: 08:54]} 14... Rfd8 {[%emt 0:09:11]} 15. Kh2 {[%emt 0:04:33]}
15... e5 {[%emt 0:05:37]} 16. Nc2 {[%emt 0:23:29]} 16... Ne7 {[%emt 0:03:24]}
17. e4 {[%emt 0:01:49]} 17... Bh6 {[%emt 0: 03:10]} 18. Ne3 {[%emt 0:05:59]}
18... Nh5 {[%emt 0:05:53]} 19. Bf3 {[%emt 0:02:36]} 19... Nf6 {[%emt 0:02:56]}
20. Rc2 {[%emt 0:02:44]} 20... Be6 {[%emt 0:03:31]} 21. Rd2 {[%emt 0:03:43]}
21... Ne8 {[%emt 0:02:16]} 22. Rd3 {[%emt 0:05:11]} 22... f5 {[%emt 0:02: 13]}
23. Re2 {[%emt 0:02:50]} 23... Nc6 {[%emt 0:07:31]} 24. Ncd5 {[%emt 0:02:30]}
24... b5 {[%emt 0:07:46]} 25. Bc3 {[%emt 0:04:43]} 25... Qa7 {[%emt 0:01:45]}
26. Kg2 {[%emt 0:04:25]} 26... Rb8 {[%emt 0:00:35]} 27. Rc2 {[%emt 0:03:29]}
27... b4 {[%emt 0:01: 18]} 28. Bb2 {[%emt 0:00:09]} 28... a5 {[%emt 0:01:59]}
29. Rcd2 {[%emt 0:02:21]} 29... Qf7 {[%emt 0:05:00]} 30. Rc2 {[%emt 0:00:54]}
30... Qa7 {[%emt 0:00:11]} 31. Re2 {[%emt 0:01:07]} 31... Qf7 {[%emt 0:00:22]}
32. Nc2 {[%emt 0:00:29]} 32... Ne7 {[%emt 0:01: 59]} 33. Nce3 {[%emt 0:00:45]}
33... Nc6 {[%emt 0:00:18]} 34. Qa1 {[%emt 0:00:27]} 34... Bg7 {[%emt 0:00:34]}
35. Red2 {[%emt 0:00:41]} 35... h6 {[%emt 0:00:27]} 36. Qd1 {[%emt 0:00:26]}
36... Kh7 {[%emt 0:00:44]} 37. exf5 {[%emt 0:00:52]} 37... gxf5 {[%emt 0:
00:30]} 38. Nf6+ {[%emt 0:00:38]} 38... Bxf6 {[%emt 0:01:36]} 39. Bxc6 {[%emt
0:00: 04]} 39... Be7 {[%emt 0:00:55]} 40. Bxe5 {[%emt 0:00:31]} 40... Qg6
{[%emt 0:00:52]} 41. Bxe8 Rxe8 42. Bxd6 Bg5 43. Bxb8 Rxb8 44. Re2 f4 45. Nf1
Rf8 46. Nh2 Bc8 47. g4 Bb7+ 48. f3 Qc6 49. Rd6 Qc8 50. Ree6 Qa8 51. Qd3+ 1-0

[Event "DEM U18w 2023"]
[Site "Willingen GER"]
[Date "2023.05.28"]
[Round "1"]
[White "Foltin, Alica"]
[Black "Werner, Rosalie"]
[Result "1-0"]
[Termination "normal"]
[Board "9"]
[WhiteElo "1540"]
[BlackElo "1751"]
[WhiteClock "01:13:53"]
[BlackClock "00:00:48"]
[PlyCount "141"]
[WhiteFideId "34606920"]
[BlackFideId "16223748"]
[EventCountry "GER"]
[EventRounds "9"]
[EventType "swiss"]
[EventDate "2023.05.27"]

1. e4 {[%emt 0:00:02]} 1... c5 {[%emt 0:00:04]} 2. Nc3 {[%emt 0:00:05]} 2...
Nc6 {[%emt 0:00:06]} 3. f4 {[%emt 0:00:04]} 3... g6 {[%emt 0:00:07]} 4. Nf3
{[%emt 0:00:04]} 4... Bg7 {[%emt 0:00:08]} 5. Bb5 {[%emt 0:00:14]} 5... Nd4
{[%emt 0:00:19]} 6. O-O {[%emt 0: 02:58]} 6... Nxb5 7. Nxb5 7... d5 {[%emt
0:04:04]} 8. d3 {[%emt 0:12:49]} 8... dxe4 {[%emt 0: 00:28]} 9. dxe4 {[%emt
0:00:50]} 9... a6 {[%emt 0:18:54]} 10. Qxd8+ Kxd8 11. Rd1+ Bd7 12. Na3 {[%emt
0:00:53]} 12... Kc7 {[%emt 0:20:31]} 13. Nc4 {[%emt 0:08:32]} 13... Be6 {[%emt
0:17:12]} 14. Ne3 {[%emt 0:08:45]} 14... Rd8 {[%emt 0:15:34]} 15. Rxd8 {[%emt
0:09:28]} 15... Kxd8 {[%emt 0:00:05]} 16. Ng5 {[%emt 0:00:42]} 16... h6 {[%emt
0:05: 57]} 17. Nxe6+ {[%emt 0:00:29]} 17... fxe6 {[%emt 0:00:09]} 18. e5 {[%emt
0:00:26]} 18... g5 {[%emt 0:05:57]} 19. g3 {[%emt 0:00:27]} 19... gxf4 {[%emt
0:00:17]} 20. gxf4 {[%emt 0:00:07]} 20... h5 {[%emt 0:00:28]} 21. Bd2 {[%emt
0:00:32]} 21... Kc7 {[%emt 0:01: 09]} 22. Nc4 {[%emt 0:00:29]} 22... b6 {[%emt
0:00:40]} 23. Kf2 {[%emt 0:05:26]} 23... Nh6 {[%emt 0:00:34]} 24. Rg1 {[%emt
0:00:18]} 24... Nf5 {[%emt 0:01:20]} 25. Rg6 {[%emt 0:00:23]} 25... Rh6 {[%emt
0:00:25]} 26. Rg5 {[%emt 0:01:59]} 26... Rh7 {[%emt 0:00: 44]} 27. c3 {[%emt
0:01:08]} 27... Kb7 {[%emt 0:00:39]} 28. Ne3 {[%emt 0:00:38]} 28... Nxe3 {[%emt
0:00:32]} 29. Bxe3 {[%emt 0:00:08]} 29... Kc6 {[%emt 0:00:32]} 30. c4 {[%emt
0:00:45]} 30... Bf8 {[%emt 0:00:31]} 31. Kg3 {[%emt 0:00:41]} 31... h4+ {[%emt
0:00: 30]} 32. Kh3 {[%emt 0:00:26]} 32... b5 {[%emt 0:00:28]} 33. b3 {[%emt
0:00:05]} 33... a5 {[%emt 0:00:33]} 34. Rg4 {[%emt 0:00:15]} 34... bxc4 {[%emt
0:00:30]} 35. bxc4 {[%emt 0:00:06]} 35... a4 {[%emt 0:00:30]} 36. Rxh4 {[%emt
0:00:17]} 36... Rg7 {[%emt 0:00: 31]} 37. Rh8 {[%emt 0:00:52]} 37... Rf7 {[%emt
0:00:10]} 38. Kg4 {[%emt 0:00:13]} 38... Rf5 {[%emt 0:00:48]} 39. Rh5 {[%emt
0:01:16]} 39... Rf7 {[%emt 0:00:22]} 40. Rg5 {[%emt 0:00:25]} 40... Rh7 {[%emt
0:00:43]} 41. h4 {[%emt 0:00:23]} 41... Bh6 {[%emt 0:25: 09]} 42. Rg6 {[%emt
0:02:18]} 42... Kd7 {[%emt 0:04:19]} 43. Bxc5 {[%emt 0:00:31]} 43... Bxf4
{[%emt 0:00:44]} 44. Kxf4 {[%emt 0:00:30]} 44... Rxh4+ {[%emt 0:00:05]} 45. Rg4
{[%emt 0:01:12]} 45... Rh2 {[%emt 0:00:45]} 46. a3 {[%emt 0:00:18]} 46... Re2
{[%emt 0:00: 45]} 47. Rg7 {[%emt 0:00:26]} 47... Rc2 {[%emt 0:00:25]} 48. Rxe7+
{[%emt 0:00:43]} 48... Kc6 {[%emt 0:00:56]} 49. Bd6 {[%emt 0:03:50]} 49...
Rxc4+ {[%emt 0:00:08]} 50. Kg5 {[%emt 0:00:55]} 50... Kd5 {[%emt 0:00:23]} 51.
Ra7 {[%emt 0:01:50]} 51... Kc6 {[%emt 0:01: 46]} 52. Kf6 {[%emt 0:00:27]} 52...
Rh4 {[%emt 0:00:32]} 53. Kxe6 {[%emt 0:00:37]} 53... Rh6+ {[%emt 0:00:24]} 54.
Kf5 {[%emt 0:00:08]} 54... Rh5+ {[%emt 0:00:20]} 55. Kg4 {[%emt 0:00:21]} 55...
Rh1 {[%emt 0:00:34]} 56. Rxa4 {[%emt 0:00:15]} 56... Kd5 {[%emt 0:00: 36]} 57.
Kf5 {[%emt 0:03:06]} 57... Rh5+ {[%emt 0:00:37]} 58. Kg6 {[%emt 0:00:25]} 58...
Rh1 {[%emt 0:00:54]} 59. Rf4 59... Rg1+ {[%emt 0:00:33]} 60. Kf6 {[%emt
0:00:26]} 60... Rh1 {[%emt 0:00:27]} 61. a4 {[%emt 0:02:06]} 61... Ra1 {[%emt
0:00:19]} 62. Kf7 Ra2 63. Bc7 Re2 64. a5 Kc6 65. Bd6 Ra2 66. Rc4+ Kd5 67. Rc5+
Kd4 68. e6 Rf2+ 69. Ke8 Rg2 70. Kd7 Rg8 71. e7 1-0

[Event "DEM U18w 2023"]
[Site "Willingen GER"]
[Date "2023.05.28"]
[Round "1"]
[White "Adelhardt, Lisa"]
[Black "Gossing, Marie-Sophie"]
[Result "1-0"]
[Termination "normal"]
[Board "10"]
[WhiteElo "1656"]
[BlackElo "1395"]
[WhiteClock "01:22:19"]
[BlackClock "00:56:51"]
[PlyCount "77"]
[WhiteFideId "16235380"]
[BlackFideId "16217284"]
[EventCountry "GER"]
[EventRounds "9"]
[EventType "swiss"]
[EventDate "2023.05.27"]

1. e4 {[%emt 0:00:03]} 1... e5 {[%emt 0:00:08]} 2. Nf3 {[%emt 0:00:06]} 2...
Nf6 {[%emt 0:00:07]} 3. Nxe5 {[%emt 0:00:28]} 3... d6 {[%emt 0:00:12]} 4. Nd3
{[%emt 0: 00:10]} 4... Nxe4 {[%emt 0:02:56]} 5. Qe2 Qe7 6. Nf4 6... Nf6 {[%emt
0:16:53]} 7. Nc3 7... c6 {[%emt 0:20:13]} 8. d4 Bf5 9. Qxe7+ {[%emt 0:03:24]}
9... Bxe7 {[%emt 0:00:16]} 10. Bd3 {[%emt 0:00:36]} 10... Bxd3 {[%emt 0:04:01]}
11. Nxd3 {[%emt 0:00:07]} 11... O-O {[%emt 0:03:57]} 12. f3 Re8 13. Kf2 d5 14.
Bd2 Bd6 15. g4 Kf8 16. h4 Re7 17. Rag1 Ke8 18. Ne2 Nbd7 19. c3 Kd8 20. Ng3 g6
21. h5 Kc7 22. hxg6 fxg6 23. Re1 Rf7 24. Kg2 Raf8 25. Rhf1 h5 26. gxh5 gxh5 27.
Nf4 Bxf4 28. Bxf4+ Kc8 29. Nf5 Rg8+ 30. Kh3 Kd8 31. Nh6 Rfg7 32. Nxg8 Rxg8 33.
Rg1 Rf8 34. Re3 c5 35. dxc5 d4 36. cxd4 Nd5 37. Bg5+ Kc8 38. Rb3 Rg8 39. Rg3
1-0

[Event "DEM U18w 2023"]
[Site "Willingen GER"]
[Date "2023.05.28"]
[Round "1"]
[White "Kieckbusch, Lotta"]
[Black "Albayrak, Nese Pinar"]
[Result "0-1"]
[Termination "normal"]
[Board "11"]
[WhiteElo "1308"]
[BlackElo "1763"]
[WhiteClock "00:00:41"]
[BlackClock "00:01:01"]
[PlyCount "58"]
[WhiteFideId "16214390"]
[BlackFideId "16255259"]
[EventCountry "GER"]
[EventRounds "9"]
[EventType "swiss"]
[EventDate "2023.05.27"]

1. e4 {[%emt 0:00:02]} 1... e5 {[%emt 0:00:06]} 2. Nf3 {[%emt 0:00:04]} 2...
Nc6 {[%emt 0:00:05]} 3. d4 {[%emt 0:00:04]} 3... exd4 {[%emt 0:00:06]} 4. Nxd4
{[%emt 0: 00:06]} 4... Bc5 {[%emt 0:00:20]} 5. Be3 {[%emt 0:00:10]} 5... Qf6
{[%emt 0:03:09]} 6. c3 Nge7 7. Bc4 {[%emt 0:02:36]} 7... O-O 8. O-O {[%emt
0:14:17]} 8... Ne5 9. Be2 9... Qg6 {[%emt 0:00:02]} 10. f3 {[%emt 0:02:59]}
10... d5 {[%emt 0:17:11]} 11. Nd2 {[%emt 0: 01:41]} 11... Bb6 {[%emt 0:22:26]}
12. Kh1 {[%emt 0:08:15]} 12... Rd8 {[%emt 0:09:40]} 13. Qc2 {[%emt 0:22:25]}
13... c5 {[%emt 0:04:36]} 14. Bf4 {[%emt 0:12:29]} 14... Qf6 {[%emt 0: 14:56]}
15. Bxe5 {[%emt 0:03:39]} 15... Qxe5 {[%emt 0:00:03]} 16. f4 {[%emt 0:01:25]}
16... Qf6 {[%emt 0:02:23]} 17. N4b3 {[%emt 0:06:53]} 17... Qh6 {[%emt 0:05:30]}
18. f5 {[%emt 0:05:34]} 18... Bc7 {[%emt 0:04:01]} 19. h3 {[%emt 0:04:51]}
19... Qd6 {[%emt 0:02: 51]} 20. Nf3 {[%emt 0:02:08]} 20... dxe4 {[%emt
0:01:41]} 21. Rad1 {[%emt 0:03:13]} 21... Qb6 {[%emt 0:05:06]} 22. Rxd8+ {[%emt
0:03:29]} 22... Bxd8 {[%emt 0:00:02]} 23. Qxe4 {[%emt 0:01:00]} 23... Bxf5
{[%emt 0:00:27]} 24. Qe3 {[%emt 0:00:15]} 24... Be6 {[%emt 0: 04:59]} 25. Nfd2
{[%emt 0:03:06]} 25... Rc8 {[%emt 0:02:49]} 26. Nc4 {[%emt 0:00:40]} 26... Qc7
{[%emt 0:00:27]} 27. Bd3 {[%emt 0:00:55]} 27... b5 {[%emt 0:00:38]} 28. Ne5
{[%emt 0:01:09]} 28... c4 {[%emt 0:00:30]} 29. Bf5 {[%emt 0:00:31]} 29... Nxf5
{[%emt 0:00: 17]} 0-1

[Event "DEM U18w 2023"]
[Site "Willingen GER"]
[Date "2023.05.28"]
[Round "1"]
[White "Cordes, Jule"]
[Black "Avetyan, Manan"]
[Result "1-0"]
[Termination "normal"]
[Board "12"]
[WhiteElo "1744"]
[BlackElo "1368"]
[WhiteClock "00:54:18"]
[BlackClock "00:39:33"]
[PlyCount "61"]
[WhiteFideId "1060708"]
[BlackFideId "16244737"]
[EventCountry "GER"]
[EventRounds "9"]
[EventType "swiss"]
[EventDate "2023.05.27"]

1. d4 {[%emt 0:00:04]} 1... d5 {[%emt 0:00:07]} 2. c4 {[%emt 0:00:07]} 2... e6
{[%emt 0:00:06]} 3. Nc3 {[%emt 0:00:08]} 3... Nf6 {[%emt 0:00:12]} 4. Bg5
{[%emt 0:00:25]} 4... Nbd7 {[%emt 0:03:02]} 5. e3 {[%emt 0:02:36]} 5... Be7 6.
Qc2 {[%emt 0:02:28]} 6... O-O {[%emt 0:01:07]} 7. cxd5 exd5 8. Bd3 c6 9. Nf3
{[%emt 0:00: 03]} 9... Re8 {[%emt 0:03:14]} 10. O-O {[%emt 0:16:55]} 10... Nf8
11. Ne5 {[%emt 0:08:30]} 11... Ng4 {[%emt 0:16:32]} 12. Bxe7 {[%emt 0:08:20]}
12... Qxe7 {[%emt 0:02:42]} 13. Nf3 {[%emt 0:03:33]} 13... Nh6 {[%emt 0:19:17]}
14. h3 Qf6 15. Qd1 Ng6 16. b4 a6 17. a4 Nf5 18. Rb1 Nfh4 19. Nxh4 Nxh4 20. Qh5
Nf5 21. b5 axb5 22. axb5 Ra3 23. Rfc1 g6 24. Qf3 Kg7 25. bxc6 bxc6 26. Rb6 Bd7
27. Nxd5 Qd6 28. Bxf5 Bxf5 29. Rbxc6 Qb8 30. Qf4 Qb5 31. Nc7 1-0